Psychology and politics and other essays / (Record no. 128016)

MARC details
000 -LEADER
campo de control de longitud fija 00640nam a2200181 i 4500
001 - NÚMERO DE CONTROL
campo de control 128016
003 - IDENTIFICADOR DE NÚMERO DE CONTROL
campo de control ES-MaACL
005 - FECHA Y HORA DE LA ÚLTIMA TRANSACCIÓN
campo de control 20230906193136.0
007 - CAMPO FIJO DE DESCRIPCIÓN FÍSICA--INFORMACIÓN GENERAL
campo de control de longitud fija t|
008 - DATOS DE LONGITUD FIJA--INFORMACIÓN GENERAL
campo de control de longitud fija 070214s1923 xxk |||| | eng d
100 1# - ENTRADA PRINCIPAL--NOMBRE DE PERSONA
Nombre de persona Rivers, W. H. R.
9 (RLIN) 97716
245 10 - MENCIÓN DEL TÍTULO
Título Psychology and politics and other essays /
Mención de responsabilidad, etc. by W. H. R. Rivers ; with a preparatory note by G. Elliot Smith and an appreciation by C.S. Myers.
260 ## - PUBLICACIÓN, DISTRIBUCIÓN, ETC.
Lugar de publicación, distribución, etc. London :
Nombre del editor, distribuidor, etc. [s. n.],
Fecha de publicación, distribución, etc. 1923 (
Lugar de fabricación/manufactura Edinburgh :
Fabricante The Edinburgh Press)
300 ## - DESCRIPCIÓN FÍSICA
Extensión VII, 181 p ;
Dimensiones 23 x 14 cm.
700 1# - ENTRADA AGREGADA--NOMBRE PERSONAL
Nombre de persona Smith, G. Elliot.
9 (RLIN) 106871
700 1# - ENTRADA AGREGADA--NOMBRE PERSONAL
Nombre de persona Myers, Charles Samuel.
9 (RLIN) 84753
852 ## - LOCALIZACIÓN
Ubicación ES-MaACL
Número de control de estantería B-11231
Holdings
Estatus retirado Estado de pérdida Estado de daño No para préstamo Biblioteca de origen Biblioteca actual Ubicación en estantería Fecha de adquisición Fuente de adquisición Total de préstamos Signatura topográfica completa Código de barras Visto por última vez Precio de reemplazo Tipo de ítem Koha
        Biblioteca del Ateneo de Madrid Biblioteca del Ateneo de Madrid Sala Pardo Bazán 17/01/2008     B-11231 1133331 23/02/2023 23/02/2023 Libro impreso